| 000 | 00616nam a2200205Ia 4500 | ||
|---|---|---|---|
| 003 | IN-BaIIA | ||
| 008 | 211028s9999 xx 000 0 eng d | ||
| 040 | _cIIA Library | ||
| 080 |
_a083.8:524 _bHOF |
||
| 100 | _aHoffleit, D. | ||
| 245 | 4 |
_athe bright star catalogue _cD. Hoffleit |
|
| 250 | _a14th ed. | ||
| 260 |
_aCunnecticut _bYale University Observatory _c1982 |
||
| 300 | _axiii, 472p. | ||
| 650 |
_aStar names _914995 |
||
| 650 |
_aStar-Catalogs _911737 |
||
| 650 |
_aSupplement-Bright star catalogue _914996 |
||
| 650 |
_aVariable star _95894 |
||
| 942 | _cBK | ||
| 999 |
_c8923 _d8923 |
||